Tang Tử và kiểu truyện về tình yêu, hôn nhân trong truyện thơ Tày
Giới thiệu nội dung truyện thơ "Tang Tử" - Một truyện thơ về đề tài tình yêu hôn nhân của người Tày. Tìm hiểu những kiểu truyện về tình yêu, hôn nhân trong truyện thơ Tày và thái độ của nhân dân về tình yêu nam nữ, tình vợ chồng qua truyện thơ...
में बचाया:
| मुख्य लेखक: | |
|---|---|
| अन्य लेखक: | |
| स्वरूप: | पुस्तक |
| भाषा: | Vietnamese |
| प्रकाशित: |
H.
Văn hóa dân tộc
2016
|
| विषय: | |
| टैग : |
टैग जोड़ें
कोई टैग नहीं, इस रिकॉर्ड को टैग करने वाले पहले व्यक्ति बनें!
|
| Thư viện lưu trữ: | Mạng thư viện Đại học Đà Nẵng |
|---|
| LEADER | 01667nam a2200385 4500 | ||
|---|---|---|---|
| 001 | 000024779 | ||
| 003 | 21268 | ||
| 005 | 20170223090200.0 | ||
| 008 | 170214s2016 viesd | ||
| 041 | 0 | |a vie | |
| 082 | 1 | 4 | |a 398.809597 |b HA-B |
| 100 | 1 | |a Hà Thị Bình | |
| 245 | 1 | 0 | |a Tang Tử và kiểu truyện về tình yêu, hôn nhân trong truyện thơ Tày |c Hà Thị Bình, Vi Đồng Thật |
| 260 | |a H. |b Văn hóa dân tộc |c 2016 | ||
| 300 | |a 198 tr. |c 21 cm. | ||
| 500 | |a ĐTTS ghi: Hội Văn nghệ dân gian Việt Nam | ||
| 520 | 3 | |a Giới thiệu nội dung truyện thơ "Tang Tử" - Một truyện thơ về đề tài tình yêu hôn nhân của người Tày. Tìm hiểu những kiểu truyện về tình yêu, hôn nhân trong truyện thơ Tày và thái độ của nhân dân về tình yêu nam nữ, tình vợ chồng qua truyện thơ | |
| 650 | 0 | 4 | |a Văn học dân gian |x Người Tày |x Truyện thơ |z Việt Nam |
| 650 | 0 | 4 | |a Văn học dân gian |x Người Tày |x Tình yêu |z Việt Nam |
| 653 | |a Dân tộc Tày | ||
| 653 | |a Hôn nhân | ||
| 653 | |a Tình yêu | ||
| 653 | |a Truyện thơ | ||
| 653 | |a Việt Nam | ||
| 700 | 1 | |a Vi Đồng Thật | |
| OWN | |a LSP | ||
| AVA | |a UDN50 |b LSP |d 398.809597 HA-B |e available |t Error 5001 Not defined in file expand_doc_bib_avail. |f 1 |g 0 |h N |i 0 |k 1 | ||
| 999 | |a From the UDN01 | ||
| AVA | |a UDN50 |b LSP |d 398.809597 HA-B |e available |t Error 5001 Not defined in file expand_doc_bib_avail. |f 1 |g 0 |h N |i 0 |k 1 | ||
| TYP | |a Monograph | ||
| TYP | |a Printed language | ||
| 980 | |a Mạng thư viện Đại học Đà Nẵng | ||